00920nam a2200241Ia 4500001000600000003000900006008004100015040001300056040001300069041001300082100002800095100002900123245004500152245003600197250001100233260000900244260002200253260004900275300005700324500022400381650004200605650003100647D5705IT-RoPAU130308s9999 xx 000 0 und d aIT-RoPAU cIT-RoPAU aITALIANO aPedico Maria Marcellina gCodice Aut. SPICS: 35054 aMaria di Nazaret, donna di comunicazione bComunicazione e Vita Consacrata a1a ed. aROMA bCentro Studi Usmi c1996 [1° Ed.:1996 - Ed.Ling.Originale:1996] a"12 p. (prefazione: no ; testo: 12 [pagine: 65-76])" aNostalgia e fatica del Comunicare. Maria e Il Vangelo della Comunicazione. comunicare con le Parole e con gli Eventi. Maria una Storia di Comunicazione. Maria Luogo di Comunicazione Trinitaria. Maria donna in Relazione. aSAGGI PASTORALE COMUNICAZIONE SOCIALE eCodice materia Spics: 9311